00382nam a2200121Ia 4500008004000000020001800040082001800058100002700076245005900103260006100162300000800223650002900231210210b1993 xxu||||| |||| 00| 0 eng d a81 7236 059 2 a620.8072 INDR aINDIA (Government of). aResearch profile of biotechnology activities in India. aNew Delhi.bPublications & Information Directoratec1993 a401 aResearch Biotechnology